Top 25 meilleurs coaster au monde - Statistiques

Statistiques générales
  • Ce quiz a été pris 31 fois
  • Le résultat moyen est 8 sur 25
Statistiques - réponses
Hint Réponse % Correct
18 toutatis
73%
3 zadra
73%
1 steel vengeance
68%
20 voltron
68%
4 velocicoaster
64%
6 ride to hapiness
45%
14 untamed
45%
25 kondaa
41%
16 batman gotham city escape
36%
17 fury 325
36%
11 pantherian
32%
7 hakugei
27%
8 taiga
27%
5 eejanaika
23%
2 iron gwazy
23%
21 wildfire
23%
9 arieforce one
18%
10 dinoconda
18%
19 Wildcat's Revenge
18%
12 maverick
14%
23 t express
14%
24 twisted timbers
14%
13 Stardust Racers (green)
9%
15 Stardust Racers (yellow)
9%
22 beyond the Cloud
5%
Aucun quiz correspondant
Distribution des résultats
% des personnes avec chaque résultat
Percentile par nombre de réponses
Votre historique - résultats
Vous n’avez pas pris ce quiz